<?xml version="1.0" encoding="UTF-8"?><?xml-stylesheet type="text/xsl" href="static/style.xsl"?><OAI-PMH xmlns="http://www.openarchives.org/OAI/2.0/" xmlns:xsi="http://www.w3.org/2001/XMLSchema-instance" xsi:schemaLocation="http://www.openarchives.org/OAI/2.0/ http://www.openarchives.org/OAI/2.0/OAI-PMH.xsd"><responseDate>2026-06-29T16:48:43Z</responseDate><request verb="GetRecord" identifier="oai:docta.ucm.es:20.500.14352/136884" metadataPrefix="marc">https://docta.ucm.es/rest/oai/request</request><GetRecord><record><header><identifier>oai:docta.ucm.es:20.500.14352/136884</identifier><datestamp>2026-05-22T23:54:54Z</datestamp><setSpec>com_20.500.14352_14</setSpec><setSpec>col_20.500.14352_15</setSpec></header><metadata><record xmlns="http://www.loc.gov/MARC21/slim" xmlns:dcterms="http://purl.org/dc/terms/" xmlns:xsi="http://www.w3.org/2001/XMLSchema-instance" xmlns:doc="http://www.lyncode.com/xoai" xsi:schemaLocation="http://www.loc.gov/MARC21/slim http://www.loc.gov/standards/marcxml/schema/MARC21slim.xsd">
   <leader>00925njm 22002777a 4500</leader>
   <datafield ind2=" " ind1=" " tag="042">
      <subfield code="a">dc</subfield>
   </datafield>
   <datafield ind2=" " ind1=" " tag="720">
      <subfield code="a">Cortes, Belen Crespo</subfield>
      <subfield code="e">author</subfield>
   </datafield>
   <datafield ind2=" " ind1=" " tag="720">
      <subfield code="a">Queiroga, Felisbina L.</subfield>
      <subfield code="e">author</subfield>
   </datafield>
   <datafield ind2=" " ind1=" " tag="720">
      <subfield code="a">Illera Del Portal, Juan Carlos</subfield>
      <subfield code="e">author</subfield>
   </datafield>
   <datafield ind2=" " ind1=" " tag="720">
      <subfield code="a">Cáceres Ramos, Sara Cristina</subfield>
      <subfield code="e">author</subfield>
   </datafield>
   <datafield ind2=" " ind1=" " tag="260">
      <subfield code="c">2026</subfield>
   </datafield>
   <datafield ind2=" " ind1=" " tag="520">
      <subfield code="a">Androgen receptor (AR) signaling has emerged as a potential molecular target in triple-negative breast cancer (TNBC), a clinically aggressive and biologically heterogeneous subtype of breast cancer with limited targeted treatment options. Androgens, the main ligands of AR, have been reported to exert antiproliferative and anti-estrogenic effects in normal mammary epithelium; however, the role of AR signaling in TNBC remains controversial and appears to depend strongly on tumor molecular context. In certain experimental settings, elevated androgen levels have been associated with reduced tumor growth, whereas AR activation has also been linked to signaling pathways involved in cell survival, migration, and invasiveness. AR signaling can occur through classical androgen-dependent mechanisms, as well as through ligand-independent activation mediated by protein kinases and intracellular pathways. Increasing interest in AR biology has led to the evaluation of several anti-androgen therapies in AR-positive TNBC, including agents such as enzalutamide, enobosarm, orteronel, bicalutamide, and seviteronel. Although clinical activity has generally been modest, these studies highlight the potential relevance of AR-targeted strategies in selected patient subgroups. This review summarizes current knowledge on androgen and AR signaling in TNBC, integrating molecular mechanisms, preclinical evidence, and clinical studies, and discusses emerging therapeutic strategies aimed at improving patient treatment outcomes</subfield>
   </datafield>
   <datafield ind1="8" ind2=" " tag="024">
      <subfield code="a">Cortes, B. C., Queiroga, F. L., Illera, J. C., &amp; Ramos, S. C. (2026). An Update on the Role of Androgens and Androgen Receptor in Triple-Negative Breast Cancer. Cells, 15(9), 834. https://doi.org/10.3390/cells15090834</subfield>
   </datafield>
   <datafield ind1="8" ind2=" " tag="024">
      <subfield code="a">10.3390/cells15090834</subfield>
   </datafield>
   <datafield ind1="8" ind2=" " tag="024">
      <subfield code="a">https://hdl.handle.net/20.500.14352/136884</subfield>
   </datafield>
   <datafield ind1="8" ind2=" " tag="024">
      <subfield code="a">2073-4409</subfield>
   </datafield>
   <datafield ind1="8" ind2=" " tag="024">
      <subfield code="a">https://doi.org/10.3390/cells15090834</subfield>
   </datafield>
   <datafield ind1="8" ind2=" " tag="024">
      <subfield code="a">42121935</subfield>
   </datafield>
   <datafield ind1="8" ind2=" " tag="024">
      <subfield code="a">https://pubmed.ncbi.nlm.nih.gov/42121935/</subfield>
   </datafield>
   <datafield ind2="0" ind1="0" tag="245">
      <subfield code="a">An Update on the Role of Androgens and Androgen Receptor in Triple-Negative Breast Cancer</subfield>
   </datafield>
</record></metadata></record></GetRecord></OAI-PMH>